[Event "38th World Junior Girls"]
[Site "Cala Gonone ITA"]
[Date "2022.10.16"]
[Round "6.2"]
[White "Priyanka, Nutakki"]
[Black "Beydullayeva, Govhar"]
[Result "1-0"]
[WhiteTitle "WGM"]
[BlackTitle "WGM"]
[WhiteElo "2326"]
[BlackElo "2356"]
[WhiteFideId "25049615"]
[BlackFideId "13413015"]
[EventDate "2022.10.12"]

1. d4 Nf6 2. c4 e6 3. Nf3 b6 4. a3 Bb7 5. Nc3 d5 6. cxd5 Nxd5 7. Qc2 Nd7 8. e4
Nxc3 9. bxc3 c5 10. Bf4 Be7 11. Bd3 O-O 12. O-O cxd4 13. cxd4 Rc8 14. Qe2 Nf6
15. e5 Nd7 16. a4 Nb8 17. Rfd1 Qd5 18. Rab1 Rfd8 19. h4 Rc3 20. h5 h6 21. Be3
Rdc8 22. Ne1 Rxd3 23. Qxd3 Nc6 24. Qe2 Nb4 25. Qg4 Kf8 26. Rbc1 Rxc1 27. Rxc1
Qd7 28. Bd2 Nd5 29. a5 bxa5 30. Bxa5 Bg5 31. Rb1 Nf4 32. Nf3 Qd5 33. Nxg5 hxg5
34. Rxb7 Qxb7 35. Qxg5 Ne2+ 36. Kf1 Ng3+ 37. Kg1 Qb1+ 38. Kh2 Nf1+ 39. Kh3 Qd3+
40. g3 Qxd4 41. Bb4+ Kg8 42. h6 1-0